00663nam a2200157Ia 4500008004100000100001800041245015400059245005200213260005300265260000900318300001000327650001500337856006100352999001900413952007300432170221s9999 xx 000 0 und d aNadeem Khalid aLoosing Your Best Talent: Can Leadership Retain Employees? The Dilemma of the Banking Sector of Hyderabad Sindh, Pakistan: A Mediation Investigation  cNadeem Khalid, Munwar Hussain Pahi, Umair Ahmed bInternational Review of Management and Marketing c2012 a3 : 3 xMarketing. uhttp://www.econjournals.com/index.php/irmm/issue/view/82 c314042d314042 001040aCLbCLd2017-02-21l0r2017-02-21 00:00:00w2017-02-21yFOJ